| 000 | 00687nam a22002537a 4500 | ||
|---|---|---|---|
| 003 | URS | ||
| 005 | 20250828100514.0 | ||
| 008 | 250317b ||||| |||| 00| 0 eng d | ||
| 020 | _a9781118809068 | ||
| 040 | _cURS | ||
| 050 |
_aHD58.7 _b.H638 2015 |
||
| 100 | 1 |
_95396 _aHitt, Michael A., |
|
| 245 | _aOrganizational Behavior | ||
| 250 | _a4th Edition | ||
| 264 |
_aHoboken, NJ _bWiley _c©2015 |
||
| 300 |
_a509 pages.,: _c25 cm. |
||
| 336 |
_2rdacontent _atext |
||
| 337 |
_2rdamedia _aunmediated |
||
| 338 |
_2rdacarrier _avolume |
||
| 650 | 0 |
_91723 _aOrganizational behavior |
|
| 700 | 1 |
_95397 _aMiller, C. Chet, |
|
| 700 | 1 |
_95398 _aColella, Adrienne, _d1961- |
|
| 942 |
_2lcc _cR |
||
| 999 |
_c85051 _d85049 |
||